| 000 | 00992cab a2200217 4500 | ||
|---|---|---|---|
| 001 | X90925 | ||
| 008 | 090401t1998 xxu||||| |||| 00| 0 eng d | ||
| 035 | _a(Sirsi) u85391 | ||
| 041 | _aeng | ||
| 245 | _aStocznia Gdanska S.A. v Latvian Shipping Co. and others | ||
| 260 | _c1998 | ||
| 350 | _a0 | ||
| 490 |
_aWeekly Law Reports _v[1998] 1 WLR 574-603 |
||
| 520 | _aHL 26 February 1998. Shipping - shipbuilding-contract-contracts for building of six refrigerated cargo vesels-payment in instalments-notices of keel-laying given in respect of first two vessels-instalments not paid-rescission of contracts by yard-whether yard entitled to reallocate keels to remaining contracts or at common law-wheter yard entitled to amend pleadings so as to claim damages for anticipatory breach. (Taken from headnote). | ||
| 650 | _aBUILDING CONTRACT | ||
| 650 | _aPAYMENT | ||
| 650 | _aSHIPBUILDING | ||
| 690 | _aBUILT ENVIRONMENT-BUILDING CONTRACT FORMS | ||
| 942 | _n0 | ||
| 948 | _c02/04/1998 | ||
| 999 |
_c53694 _d53694 |
||